Making visible the invisible: : an anthology of original essays on film acting

Αποθηκεύτηκε σε:
Λεπτομέρειες βιβλιογραφικής εγγραφής
Άλλοι συγγραφείς: Zucker, Carole (edtf)
Μορφή: Βιβλίο
Γλώσσα:English
Δημοσίευση: Metuchen, : Scarecrow Press, 1990.
Θέματα:
Ετικέτες: Προσθήκη ετικέτας
Δεν υπάρχουν, Καταχωρήστε ετικέτα πρώτοι!

MARC

LEADER 00000cam a2200000 i 4500
001 1/100704
008 090205s1990 eng d
020 |a 0-8108-2220-2 
035 |l 10102962 
040 |a GR-MY-UA  |b gre  |e aacr 
041 0 |a eng 
082 0 |a 791.43028  |2 (22) 
245 1 0 |a Making visible the invisible: :  |b an anthology of original essays on film acting /  |c edited by Carole Zucker.  
260 |a Metuchen, :   |b Scarecrow Press,   |c 1990.  
300 |a xi, 426 σ. :   |b εικ. ;   |c 23 εκ.  
504 |a Περιέχει βιβλιογραφικές παραπομπές και ευρετήριο.  
650 0 0 |a Motion picture acting. 
700 1 |a Zucker, Carole,  |e edtf 
852 |a INST  |b LESVOS  |e 20090205  |h 791.43028 ΜΑΚ  |p 005100043799  |q 005100043799  |t BK  |y 0 
901 |a BIBL1-2009-1 
909 |a Λ  |b 157604 
922 |a 1ΕΛΗ  |b 200811  |c ΕΠΕΑΕΚ2/ΠΤΕ  |d ΜΙΧΑΛΟΠΟΥΛΟΣ 
970 |a ΚΑΡΑ  |b ΓΙΑΣΕΜΗ  |z 2009/02/05